| 000 | 004330000a22001690004500 | ||
|---|---|---|---|
| 003 | MACL | ||
| 005 | 20151227122050.0 | ||
| 008 | 151227b xxu||||| |||| 00| 0 eng d | ||
| 040 |
_aMACL _cMACL |
||
| 041 | _aEnglish | ||
| 082 | _a000/NAI | ||
| 100 |
_aNaidu, B V Narayanaswami _923051 |
||
| 245 | _aJournal Of the Annamalai University | ||
| 260 |
_bAnnamalnagar _c1936 |
||
| 650 |
_aGernelislies _923052 |
||
| 942 |
_cBK _k000/Nai _2ddc |
||
| 999 |
_c36415 _d36415 |
||